000 00307 a2200145 4500
001 47549
020 _a9788566438673
040 _cAnchieta - Aquarius
240 1 0 _aSalada de frutas
_lpor
245 1 0 _aSalada de frutas
300 _a33p.
362 0 _a2016
650 4 _aLiteratura infantil
942 _cBK
999 _c47549
_d47549